Report on the working of the Department of Agriculture, 1949-50 (Record no. 503565)

000 -LEADER
fixed length control field 00349cam a22001097a 4500
008 - FIXED-LENGTH DATA ELEMENTS--GENERAL INFORMATION
fixed length control field 180718b1953 xxu||||| |||| 00| 0 eng d
082 ## - DEWEY DECIMAL CLASSIFICATION NUMBER
Classification number A45:Z/MADH/1949-50
100 ## - MAIN ENTRY--PERSONAL NAME
Personal name Government of Madhya Pradesh
245 ## - TITLE STATEMENT
Title Report on the working of the Department of Agriculture, 1949-50
260 ## - PUBLICATION, DISTRIBUTION, ETC.
Place of publication, distribution, etc. Nagpur
Name of publisher, distributor, etc. Government of Madhya Pradesh
Date of publication, distribution, etc. 1953
300 ## - PHYSICAL DESCRIPTION
Extent 37p.
Holdings
Withdrawn status Lost status Damaged status Not for loan Permanent Location Current Location Date acquired Full call number Barcode Date last seen Price effective from Koha item type
        Indian Institute of Public Administration Indian Institute of Public Administration 2018-08-04 A45:Z/MADH/1949-50 GG31932 2018-08-04 2018-08-04 GG

Powered by Koha